[Event "59th POL-ch"]
[Site "Warsaw POL"]
[Date "2002.04.29"]
[Round "1"]
[White "Blehm, Pawel"]
[Black "Cyborowski, Lukasz"]
[Result "1/2-1/2"]
[WhiteElo "2547"]
[BlackElo "2510"]
[EventDate "2002.04.29"]
[PlyCount "92"]

1.e4 c5 2.Nf3 Nc6 3.d4 cxd4 4.Nxd4 Nf6 5.Nc3 e5 6.Ndb5 d6 7.Bg5 a6 8.Na3 
b5 9.Nd5 Be7 10.Bxf6 Bxf6 11.c3 Bg5 12.Nc2 O-O 13.h4 Bh6 14.g4 Bf4 15.Qf3 
Be6 16.Bd3 Rb8 17.g5 Re8 18.Nxf4 exf4 19.Qxf4 b4 20.O-O bxc3 21.bxc3 Qa5 
22.Ne3 Ne5 23.Rfd1 Rb2 24.Bf1 Qxc3 25.Bxa6 Bxa2 26.Bf1 Bb3 27.Rdb1 Be6 28.
Rc1 Qd4 29.Rd1 Rd2 30.Rxd2 Qxd2 31.Rd1 Qb4 32.h5 f6 33.Bg2 fxg5 34.Qxg5 
Nf7 35.Qh4 Qc5 36.Kh2 g5 37.Qg3 Kf8 38.Nd5 Qc2 39.Ne3 Qc5 40.Rd3 Ne5 41.
Rd2 h6 42.Bh3 Qb4 43.Rd1 Qxe4 44.Bg2 Qb4 45.f4 Nf7 46.Rf1 Qc5 1/2-1/2

[Event "59th POL-ch"]
[Site "Warsaw POL"]
[Date "2002.04.29"]
[Round "1"]
[White "Gdanski, Jacek"]
[Black "Bobras, Piotr"]
[Result "1/2-1/2"]
[WhiteElo "2523"]
[BlackElo "2435"]
[EventDate "2002.04.29"]
[PlyCount "137"]

1.e4 c5 2.Nf3 d6 3.d4 cxd4 4.Nxd4 Nf6 5.Nc3 a6 6.Bc4 e6 7.Bb3 b5 8.O-O Be7
9.Qf3 Qc7 10.Qg3 O-O 11.Bh6 Ne8 12.Rad1 Bd7 13.f4 Kh8 14.Bg5 Nc6 15.Kh1 b4
16.Nce2 Nf6 17.Qh4 Ng8 18.Bxe7 Ncxe7 19.f5 e5 20.Nf3 Bb5 21.Rf2 Nf6 22.Ng3
h6 23.Rfd2 Rad8 24.h3 a5 25.Nh2 a4 26.Bd5 Neg8 27.Nh5 Nxh5 28.Qxh5 Nf6 29.
Qf3 Bc4 30.Ng4 Nxg4 31.Bxc4 Nf6 32.b3 axb3 33.axb3 Qc6 34.Re2 Kg8 35.Kh2 
Rd7 36.g4 Rfd8 37.h4 d5 38.exd5 Nxd5 39.g5 hxg5 40.hxg5 e4 41.Rxe4 Qc7+ 
42.Kh1 Nc3 43.Rxd7 Qxd7 44.Rg4 Qd2 45.Rg2 Qe1+ 46.Kh2 Qh4+ 47.Qh3 Qf4+ 48.
Qg3 Qxf5 49.Rf2 Qh7+ 50.Kg2 Qe4+ 51.Qf3 Rd7 52.Qxe4 Nxe4 53.Rf5 Rd2+ 54.
Kf3 Nd6 55.Rc5 Kf8 56.Bd3 Ke7 57.Rc6 Rh2 58.Kg3 Rh1 59.Rb6 Rg1+ 60.Kf4 Rh1
61.Ke3 Rh4 62.Kf3 Ke6 63.Bc4+ Ke5 64.Rxb4 Nxc4 65.bxc4 Rh3+ 66.Kg4 Rc3 67.
Rb5+ Ke6 68.Rb6+ Ke5 69.Rb5+ 1/2-1/2

[Event "59th POL-ch"]
[Site "Warsaw POL"]
[Date "2002.04.29"]
[Round "1"]
[White "Grabarczyk, Miroslaw"]
[Black "Socko, Bartosz"]
[Result "1/2-1/2"]
[WhiteElo "2484"]
[BlackElo "2564"]
[EventDate "2002.04.29"]
[PlyCount "112"]

1.d4 Nf6 2.c4 g6 3.Nf3 Bg7 4.g3 d6 5.Nc3 O-O 6.Bg2 a6 7.O-O Nc6 8.Bf4 Bf5 
9.Qd2 Ne4 10.Nxe4 Bxe4 11.d5 Bxf3 12.exf3 Nd4 13.Be3 Nf5 14.f4 c5 15.dxc6 
bxc6 16.Bxc6 Rb8 17.Rab1 Qc7 18.Be4 Nxe3 19.Qxe3 Bxb2 20.Qe2 Bf6 21.Rxb8 
Rxb8 22.Rb1 Rxb1+ 23.Bxb1 Qc5 24.Bd3 e6 25.Kg2 a5 26.Qc2 Bd4 27.a4 Kf8 28.
Be4 Ke7 29.h4 h5 30.Kf1 Kd8 31.Kg2 Qb4 32.Bc6 Qe1 33.Bb5 Ke7 34.Bc6 f5 35.
Bb5 Kf7 36.Bc6 Ke7 37.Bb5 Qb4 38.Qe2 Qc3 39.Kf1 e5 40.fxe5 dxe5 41.Kg2 e4 
42.Bc6 Kf6 43.Bb5 Bc5 44.Bc6 Bd4 45.Bb5 Kf7 46.c5 Bxc5 47.Qc4+ Qxc4 48.
Bxc4+ Kf6 49.Bb5 Ke7 50.Bc6 Bd4 51.Bb5 Kf6 52.Be8 e3 53.fxe3 Bxe3 54.Kf3 
Bd2 55.Kf2 Bb4 56.Kf3 Bd2 1/2-1/2

[Event "59th POL-ch"]
[Site "Warsaw POL"]
[Date "2002.04.29"]
[Round "1"]
[White "Macieja, Bartlomiej"]
[Black "Lagowski, Patryk"]
[Result "1-0"]
[WhiteElo "2584"]
[BlackElo "2321"]
[EventDate "2002.04.29"]
[PlyCount "111"]

1.e4 c5 2.Nc3 d6 3.f4 g6 4.Nf3 Bg7 5.Bc4 Nc6 6.d3 e6 7.O-O Nge7 8.Qe1 h6 
9.a3 b6 10.Bb3 Bb7 11.Kh1 Qd7 12.Bd2 O-O-O 13.Ba4 a6 14.b4 b5 15.Bb3 cxb4 
16.axb4 Nxb4 17.Rc1 Nbc6 18.Ne2 d5 19.exd5 Nxd5 20.c4 Nc7 21.cxb5 Nxb5 22.
Ba5 Rde8 23.Nc3 Kb8 24.Nxb5 axb5 25.Bc3 Bxc3 26.Qxc3 Rc8 27.Qc5 Rhd8 28.
Qxb5 Qxd3 29.Qb6 Qa6 30.Qf2 Qa3 31.Rb1 Na5 32.Ra1 Qc5 33.Qa2 Nxb3 34.Qxb3 
g5 35.Rfb1 Rc7 36.Qa2 Kc8 37.Ne5 Qd5 38.Qb2 Kb8 39.fxg5 hxg5 40.Qe2 f6 41.
Ng4 f5 42.Ne5 Qe4 43.Qa2 Kc8 44.Qxe6+ Kb8 45.Qa2 Kc8 46.Re1 Qd5 47.Qf2 f4 
48.h3 Qd4 49.Qe2 Qd2 50.Qg4+ Kb8 51.Rad1 Qxg2+ 52.Qxg2 Bxg2+ 53.Kxg2 Rc2+ 
54.Kg1 Rh8 55.Rb1+ Ka7 56.Rb3 1-0

[Event "59th POL-ch"]
[Site "Warsaw POL"]
[Date "2002.04.30"]
[Round "2"]
[White "Bobras, Piotr"]
[Black "Bartel, Mateusz"]
[Result "1/2-1/2"]
[WhiteElo "2435"]
[BlackElo "2417"]
[EventDate "2002.04.29"]
[PlyCount "46"]

1.e4 e6 2.d4 d5 3.Nc3 Bb4 4.e5 c5 5.a3 Bxc3+ 6.bxc3 Qa5 7.Bd2 Ne7 8.Nf3 
Nbc6 9.a4 Bd7 10.Bb5 Qc7 11.O-O Na5 12.Bd3 Nc4 13.Bc1 h6 14.Re1 O-O-O 15.
Bxc4 dxc4 16.Ba3 Nd5 17.Bxc5 Nxc3 18.Qd2 Nd5 19.a5 a6 20.Bd6 Qc6 21.c3 g5 
22.Reb1 Nf4 23.Ne1 Qd5 1/2-1/2

[Event "59th POL-ch"]
[Site "Warsaw POL"]
[Date "2002.04.30"]
[Round "2"]
[White "Cyborowski, Lukasz"]
[Black "Markowski, Tomasz"]
[Result "1/2-1/2"]
[WhiteElo "2510"]
[BlackElo "2538"]
[EventDate "2002.04.29"]
[PlyCount "20"]

1.c4 c5 2.Nf3 g6 3.d4 Bg7 4.d5 d6 5.e4 e6 6.Bd3 exd5 7.exd5 Ne7 8.O-O O-O 
9.Re1 h6 10.Nc3 Na6 1/2-1/2

[Event "59th POL-ch"]
[Site "Warsaw POL"]
[Date "2002.04.30"]
[Round "2"]
[White "Gdanski, Jacek"]
[Black "Grabarczyk, Miroslaw"]
[Result "1/2-1/2"]
[WhiteElo "2523"]
[BlackElo "2484"]
[EventDate "2002.04.29"]
[PlyCount "106"]

1.c4 c5 2.Nf3 g6 3.d4 Bg7 4.d5 d6 5.e4 e6 6.dxe6 fxe6 7.Nc3 a6 8.Bg5 Qa5 
9.Rc1 Qc7 10.e5 dxe5 11.Ne4 Nc6 12.Bd3 Nge7 13.h4 h6 14.Bd2 b6 15.Qa4 Bd7 
16.Qa3 a5 17.Bb1 Nd4 18.b4 Rc8 19.bxc5 bxc5 20.Bxa5 Nxf3+ 21.gxf3 Ra8 22.
Bxc7 Rxa3 23.Nxc5 Nf5 24.Rd1 Bc6 25.Nxe6 Bf6 26.Be4 Bxe4 27.fxe4 Nxh4 28.
Ng7+ Bxg7 29.Rxh4 g5 30.Rh2 Rxa2 31.Rd8+ Ke7 32.Rxh8 Bxh8 33.Rxh6 Bf6 34.
c5 Rc2 35.Bd6+ Kf7 36.Rh7+ Ke6 37.f3 g4 38.fxg4 Rc4 39.Kf2 Rxe4 40.Kf3 
Rf4+ 41.Kg3 Rc4 42.Rh6 Kf7 43.Rh5 Rc3+ 44.Kg2 e4 45.Bf4 Bd4 46.Rh7+ Kg8 
47.Re7 Rc2+ 48.Kg3 e3 49.Rxe3 Bxe3 50.Bxe3 Rc4 51.Kh4 Kf7 52.Kh5 Rc3 53.
Bd4 Rc4 1/2-1/2

[Event "59th POL-ch"]
[Site "Warsaw POL"]
[Date "2002.04.30"]
[Round "2"]
[White "Lagowski, Patryk"]
[Black "Blehm, Pawel"]
[Result "0-1"]
[WhiteElo "2321"]
[BlackElo "2547"]
[EventDate "2002.04.29"]
[PlyCount "62"]

1.d4 Nf6 2.c4 g6 3.Nc3 Bg7 4.e4 O-O 5.Be2 c6 6.e5 Ne8 7.f4 d6 8.Nf3 c5 9.
dxc5 Nc6 10.O-O Qa5 11.cxd6 exd6 12.Nd5 dxe5 13.Bd2 Qd8 14.fxe5 Nxe5 15.
Bb4 Nd6 16.Ne7+ Qxe7 17.Bxd6 Nxf3+ 18.Rxf3 Qh4 19.Bxf8 Bxf8 20.Qd5 Be6 21.
Qxb7 Rd8 22.Raf1 Bd6 23.g3 Qd4+ 24.Kh1 Rb8 25.Qc6 Qe5 26.Bd3 Rxb2 27.Qe8+ 
Bf8 28.Qa4 Bh3 29.Qc6 Bg2+ 30.Kg1 Bc5+ 31.R1f2 Bxf3 0-1

[Event "59th POL-ch"]
[Site "Warsaw POL"]
[Date "2002.04.30"]
[Round "2"]
[White "Socko, Bartosz"]
[Black "Macieja, Bartlomiej"]
[Result "0-1"]
[WhiteElo "2564"]
[BlackElo "2584"]
[EventDate "2002.04.29"]
[PlyCount "60"]

1.Nf3 c5 2.e4 Nc6 3.d4 cxd4 4.Nxd4 Qc7 5.Nc3 e6 6.Be3 a6 7.a3 b5 8.Be2 Bb7
9.Nxc6 Bxc6 10.O-O Nf6 11.Qd3 d5 12.exd5 Nxd5 13.Nxd5 Bxd5 14.a4 b4 15.Bd4
Bd6 16.Bxg7 Rg8 17.Qxh7 O-O-O 18.Rfd1 Bb7 19.h4 f6 20.Rxd6 Qxd6 21.Rd1 Qe5
22.Rxd8+ Rxd8 23.Qh5 Qxh5 24.Bxh5 Rg8 25.Bxf6 Rxg2+ 26.Kf1 Kd7 27.Be5 Rg8 
28.Bf7 Rg4 29.Bg3 Bf3 30.Kg1 Rg7 0-1

[Event "59th POL-ch"]
[Site "Warsaw POL"]
[Date "2002.05.01"]
[Round "3"]
[White "Blehm, Pawel"]
[Black "Socko, Bartosz"]
[Result "0-1"]
[WhiteElo "2547"]
[BlackElo "2564"]
[EventDate "2002.04.29"]
[PlyCount "82"]

1.e4 e5 2.Nf3 Nc6 3.Nc3 Nf6 4.a3 d5 5.Bb5 d4 6.Ne2 Bd7 7.d3 Bd6 8.O-O h6 
9.Ne1 Ne7 10.Bxd7+ Qxd7 11.f4 exf4 12.Nf3 Nc6 13.Nxf4 Ne5 14.Kh1 Nxf3 15.
Qxf3 O-O-O 16.Nh5 Ng4 17.g3 f6 18.Bd2 Rde8 19.c4 dxc3 20.bxc3 Ne5 21.Qe2 
Qf7 22.d4 Nc4 23.Nxg7 Qxg7 24.Qxc4 Rxe4 25.Rab1 c6 26.Qd3 Rhe8 27.d5 c5 
28.Qf3 Re2 29.Qf5+ Kc7 30.Bf4 Qe7 31.c4 Rd8 32.Bxd6+ Rxd6 33.Rf4 Re5 34.
Qc2 Re2 35.Qf5 Re5 36.Qg4 Re2 37.Rbf1 a6 38.Qg6 Qd7 39.Re1 Kb8 40.Rb1 Rb6 
41.Rxb6 h5 0-1

[Event "59th POL-ch"]
[Site "Warsaw POL"]
[Date "2002.05.01"]
[Round "3"]
[White "Kempinski, Robert"]
[Black "Tomczak, Rafal"]
[Result "1/2-1/2"]
[WhiteElo "2570"]
[BlackElo "2384"]
[EventDate "2002.04.29"]
[PlyCount "89"]

1.Nf3 d5 2.b3 Nf6 3.Bb2 c6 4.c4 Bf5 5.d3 e6 6.Nh4 Bg4 7.h3 Bh5 8.Nd2 Na6 
9.a3 Nd7 10.Nhf3 f6 11.g3 Be7 12.Bg2 O-O 13.O-O Nc7 14.b4 a5 15.Qb3 Bf7 
16.Nd4 Re8 17.cxd5 cxd5 18.bxa5 Nc5 19.Qc2 Rxa5 20.N2b3 Nxb3 21.Nxb3 Ra6 
22.a4 Rc6 23.Qd2 Na6 24.Ba3 Bxa3 25.Rxa3 Qe7 26.Raa1 Rec8 27.Rfc1 Rxc1+ 
28.Rxc1 Rxc1+ 29.Qxc1 Qc7 30.Qb2 Be8 31.a5 Kf7 32.Qd4 Qc2 33.Qb6 Qc7 34.e4
Ba4 35.Nd4 Qxb6 36.axb6 dxe4 37.Bxe4 Nc5 38.f4 Nxe4 39.dxe4 e5 40.fxe5 
fxe5 41.Nf3 Bc2 42.Kf2 Ke6 43.Ke3 Kd6 44.Ng5 Kc6 45.Nf7 1/2-1/2

[Event "59th POL-ch"]
[Site "Warsaw POL"]
[Date "2002.05.01"]
[Round "3"]
[White "Stryjecki, Marek"]
[Black "Cyborowski, Lukasz"]
[Result "0-1"]
[WhiteElo "2456"]
[BlackElo "2510"]
[EventDate "2002.04.29"]
[PlyCount "42"]

1.Nf3 Nf6 2.g3 g6 3.Bg2 Bg7 4.O-O c5 5.d4 cxd4 6.Nxd4 O-O 7.e4 Nc6 8.Ne2 
b5 9.Nbc3 b4 10.Nd5 a5 11.Re1 Ba6 12.Be3 e6 13.Nb6 Rb8 14.Na4 Bb5 15.c3 
Ng4 16.Bf4 Nce5 17.h3 Nxf2 18.Kxf2 Nd3+ 19.Kf1 d6 20.Qc2 Qd7 21.b3 Qa7 0-1

[Event "59th POL-ch"]
[Site "Warsaw POL"]
[Date "2002.05.02"]
[Round "4"]
[White "Cyborowski, Lukasz"]
[Black "Kempinski, Robert"]
[Result "1/2-1/2"]
[WhiteElo "2510"]
[BlackElo "2570"]
[EventDate "2002.04.29"]
[PlyCount "45"]

1.c4 g6 2.Nc3 Bg7 3.g3 Nf6 4.Bg2 O-O 5.Nf3 d5 6.cxd5 Nxd5 7.O-O c5 8.Nxd5 
Qxd5 9.d3 Nc6 10.Be3 Bd7 11.Nd4 Qd6 12.Nxc6 Bxc6 13.Bxc6 Qxc6 14.Rc1 Qe6 
15.Bxc5 Bxb2 16.Rb1 Bg7 17.Qa4 b6 18.Be3 Rfd8 19.Rfc1 Qd7 20.Rc6 Bd4 21.
Bxd4 Qxd4 22.Rc4 Qd7 23.Qc2 1/2-1/2

[Event "59th POL-ch"]
[Site "Warsaw POL"]
[Date "2002.05.02"]
[Round "4"]
[White "Grabarczyk, Miroslaw"]
[Black "Macieja, Bartlomiej"]
[Result "1/2-1/2"]
[WhiteElo "2484"]
[BlackElo "2584"]
[EventDate "2002.04.29"]
[PlyCount "24"]

1.d4 Nf6 2.c4 g6 3.g3 c6 4.Nf3 Bg7 5.Bg2 d5 6.cxd5 cxd5 7.Nc3 Ne4 8.O-O 
Nc6 9.e3 Nxc3 10.bxc3 O-O 11.Nd2 Na5 12.Ba3 Be6 1/2-1/2

[Event "59th POL-ch"]
[Site "Warsaw POL"]
[Date "2002.05.02"]
[Round "4"]
[White "Lagowski, Patryk"]
[Black "Stryjecki, Marek"]
[Result "1-0"]
[WhiteElo "2321"]
[BlackElo "2456"]
[EventDate "2002.04.29"]
[PlyCount "125"]

1.d4 g6 2.c4 Bg7 3.Nf3 d6 4.Nc3 e5 5.e4 Nc6 6.dxe5 Nxe5 7.Nxe5 dxe5 8.
Qxd8+ Kxd8 9.Be2 c6 10.O-O Nf6 11.f4 Nd7 12.f5 f6 13.h4 Bf8 14.Be3 Bc5 15.
Bxc5 Nxc5 16.fxg6 Ke7 17.gxh7 Rxh7 18.g3 Bh3 19.Rf2 Rd8 20.Kh2 Bc8 21.Raf1
Rh6 22.b4 Nd3 23.Bxd3 Rxd3 24.Nb1 Be6 25.Nd2 Rc3 26.c5 Ra3 27.Nb1 Re3 28.
Nd2 Ra3 29.Nb1 Rd3 30.Rb2 Rg6 31.Rg1 Rg4 32.Nd2 Ra3 33.b5 Kd7 34.bxc6+ 
Kxc6 35.Rc2 Re3 36.Rg2 Kc7 37.Rb2 Rc3 38.Nb1 Rd3 39.Nd2 Bd7 40.Nc4 Rc3 41.
Nd6 Bc6 42.Rxb7+ Bxb7 43.Nb5+ Kc6 44.Nxc3 Kxc5 45.Rf2 Kd4 46.Nd5 Rxe4 47.
Rd2+ Kc4 48.Nxf6 Re1 49.g4 e4 50.Rd7 Bc6 51.Rd6 Kc5 52.Re6 e3 53.Kg3 Bb5 
54.Re5+ Kc6 55.Re6+ Kb7 56.Re7+ Kc8 57.h5 Kd8 58.Re5 e2 59.h6 Rg1+ 60.Kh2 
e1=Q 61.Rxe1 Rxe1 62.h7 Re2+ 63.Kg3 1-0

[Event "59th POL-ch"]
[Site "Warsaw POL"]
[Date "2002.05.03"]
[Round "5"]
[White "Blehm, Pawel"]
[Black "Grabarczyk, Miroslaw"]
[Result "1/2-1/2"]
[WhiteElo "2547"]
[BlackElo "2484"]
[EventDate "2002.04.29"]
[PlyCount "27"]

1.e4 e5 2.Nf3 Nc6 3.Bb5 Nf6 4.O-O Nxe4 5.d4 Nd6 6.Bxc6 dxc6 7.dxe5 Nf5 8.
Qxd8+ Kxd8 9.Nc3 Ke8 10.Ne4 Ne7 11.Re1 Ng6 12.h3 a5 13.Bd2 Bb4 14.c3 
1/2-1/2

[Event "59th POL-ch"]
[Site "Warsaw POL"]
[Date "2002.05.03"]
[Round "5"]
[White "Kempinski, Robert"]
[Black "Lagowski, Patryk"]
[Result "1-0"]
[WhiteElo "2570"]
[BlackElo "2321"]
[EventDate "2002.04.29"]
[PlyCount "101"]

1.d4 Nf6 2.c4 c5 3.d5 e6 4.Nc3 exd5 5.cxd5 d6 6.Nf3 g6 7.Bg5 h6 8.Bh4 g5 
9.Bg3 Nh5 10.e3 Nxg3 11.hxg3 Bg7 12.Bd3 O-O 13.Qc2 f5 14.Nd2 Na6 15.a3 Nc7
16.f4 b5 17.Kf2 c4 18.Be2 Bb7 19.fxg5 hxg5 20.g4 Nxd5 21.Bf3 Nxc3 22.Bxb7 
Rb8 23.Bf3 Ne4+ 24.Nxe4 fxe4 25.Qxe4 Qf6 26.Kg1 Rf7 27.a4 b4 28.Qxc4 Qxb2 
29.Rf1 Kf8 30.Rh3 Qc3 31.Bd5 Rf6 32.Rhf3 Ke7 33.Qe4+ Qe5 34.Rxf6 Bxf6 35.
Qh7+ Kd8 36.Qg8+ Kc7 37.Rc1+ Kd7 38.Qh7+ Be7 39.Bc6+ Ke6 40.Be4 d5 41.Qg6+
Bf6 42.Rc6+ Ke7 43.Bxd5 Qxe3+ 44.Kf1 Rf8 45.Re6+ Qxe6 46.Bxe6 Kxe6 47.Ke2 
Rb8 48.Qf5+ Kf7 49.Qd7+ Be7 50.Qxa7 Rd8 51.Qb7 1-0

[Event "59th POL-ch"]
[Site "Warsaw POL"]
[Date "2002.05.03"]
[Round "5"]
[White "Markowski, Tomasz"]
[Black "Gdanski, Jacek"]
[Result "1-0"]
[WhiteElo "2538"]
[BlackElo "2523"]
[EventDate "2002.04.29"]
[PlyCount "177"]

1.g3 c5 2.Bg2 Nc6 3.c4 g6 4.Nc3 Bg7 5.Nf3 d6 6.O-O Bd7 7.a3 Nf6 8.Rb1 a5 
9.b3 O-O 10.Bb2 Qc8 11.d4 Nxd4 12.Nxd4 cxd4 13.Qxd4 Bc6 14.Nd5 Bxd5 15.
Bxd5 Rb8 16.Bf3 b5 17.cxb5 Rxb5 18.Qa4 Qb8 19.Bc3 Ne4 20.Bxg7 Nc5 21.Qxb5 
Qxb5 22.Bxf8 Kxf8 23.b4 axb4 24.axb4 Nd7 25.Rfc1 Ne5 26.Bg2 g5 27.Rc2 Kg7 
28.Rd2 f5 29.e3 Kf6 30.Rd4 Ke6 31.h3 h5 32.h4 gxh4 33.Rxh4 Qd3 34.Rf1 Qe2 
35.e4 Kf6 36.Rf4 e6 37.exf5 exf5 38.Rd4 Ke7 39.Rf4 Ng6 40.Rd4 h4 41.gxh4 
Qh5 42.Re1+ Kd7 43.Re3 Nxh4 44.Rh3 f4 45.Rxf4 Qd1+ 46.Kh2 Nxg2 47.Kxg2 
Qd5+ 48.Kh2 Qe5 49.Rh4 Kc6 50.Kg2 Kb5 51.Rd4 d5 52.Rdg4 Qf5 53.Rg3 Qe5 54.
Rhg4 Ka4 55.Rd3 Qf5 56.Rgd4 Qg5+ 57.Kf1 Qc1+ 58.Ke2 Qc2+ 59.Kf3 Qb1 60.Kf4
Qc1+ 61.Rd2 Qc7+ 62.Kf5 Qf7+ 63.Ke5 Qf3 64.Rxd5 Qh5+ 65.Kd6 Qh6+ 66.Ke5 
Qg5+ 67.Ke4 Qg4+ 68.f4 Qe6+ 69.Re5 Qc4+ 70.Rd4 Qe2+ 71.Kd5 Qb5+ 72.Ke6 
Qe8+ 73.Kf5 Qh5+ 74.Kf6 Qh6+ 75.Ke7 Qg7+ 76.Kd6 Qf8+ 77.Kd5 Qa8+ 78.Kc4 
Qc6+ 79.Rc5 Qe6+ 80.Rcd5 Qe2+ 81.Kc5 Qe7+ 82.Kb6 Qf6+ 83.Rd6 Qf8 84.b5+ 
Kb3 85.Kb7 Qg7+ 86.Rd7 Qg2+ 87.R4d5 Kc4 88.f5 Qe4 89.f6 1-0

[Event "59th POL-ch"]
[Site "Warsaw POL"]
[Date "2002.05.04"]
[Round "6"]
[White "Socko, Bartosz"]
[Black "Kempinski, Robert"]
[Result "1/2-1/2"]
[WhiteElo "2564"]
[BlackElo "2570"]
[EventDate "2002.04.29"]
[PlyCount "25"]

1.Nf3 Nf6 2.g3 d5 3.Bg2 g6 4.O-O Bg7 5.d3 O-O 6.Nbd2 c5 7.e4 Nc6 8.Re1 h6 
9.a3 e5 10.exd5 Nxd5 11.Rb1 b6 12.Nc4 Re8 13.Bd2 1/2-1/2

[Event "59th POL-ch"]
[Site "Warsaw POL"]
[Date "2002.05.05"]
[Round "7"]
[White "Bartel, Mateusz"]
[Black "Socko, Bartosz"]
[Result "0-1"]
[WhiteElo "2417"]
[BlackElo "2564"]
[EventDate "2002.04.29"]
[PlyCount "70"]

1.d4 Nf6 2.Nf3 g6 3.g3 Bg7 4.Bg2 O-O 5.O-O d6 6.a4 a5 7.Re1 Nbd7 8.e4 e5 
9.Nc3 Re8 10.h3 b6 11.Bg5 h6 12.dxe5 dxe5 13.Bxf6 Bxf6 14.Qd2 Bg7 15.Rad1 
c6 16.Bf1 Qf6 17.Qe3 Bf8 18.Kg2 Kg7 19.Bc4 Bc5 20.Qe2 Bb4 21.Nh2 Nc5 22.
Rd2 Bxc3 23.bxc3 Nxa4 24.Rd3 Qe7 25.Rf3 f6 26.Ng4 Bxg4 27.hxg4 Rad8 28.Qe3
Qd6 29.g5 hxg5 30.Qxg5 b5 31.Bb3 Nc5 32.Qe3 Rh8 33.Rxf6 Qxf6 34.Qxc5 Rd7 
35.Re3 Qd6 0-1

[Event "59th POL-ch"]
[Site "Warsaw POL"]
[Date "2002.05.05"]
[Round "7"]
[White "Blehm, Pawel"]
[Black "Bobras, Piotr"]
[Result "0-1"]
[WhiteElo "2547"]
[BlackElo "2435"]
[EventDate "2002.04.29"]
[PlyCount "71"]

1.e4 c5 2.Nf3 d6 3.Nc3 a6 4.d4 cxd4 5.Nxd4 Nf6 6.Be3 e5 7.Nb3 Be6 8.f3 
Nbd7 9.g4 b5 10.g5 b4 11.Ne2 Nh5 12.Qd2 a5 13.Ng3 Nxg3 14.hxg3 a4 15.Nc1 
Qa5 16.f4 exf4 17.gxf4 d5 18.Ne2 dxe4 19.Nd4 Bc5 20.Nxe6 fxe6 21.O-O-O 
O-O-O 22.Bc4 Qb6 23.Bxc5 Nxc5 24.Qe2 Rxd1+ 25.Rxd1 Rd8 26.Rh1 a3 27.Kb1 
Qd6 28.Rf1 Kc7 29.Bb3 Qd2 30.Qxd2 Rxd2 31.bxa3 bxa3 32.Bc4 Rd4 33.Bb3 e3 
34.Kc1 Ne4 35.c3 Nxc3 36.Kc2 0-1

[Event "59th POL-ch"]
[Site "Warsaw POL"]
[Date "2002.05.05"]
[Round "7"]
[White "Markowski, Tomasz"]
[Black "Macieja, Bartlomiej"]
[Result "1/2-1/2"]
[WhiteElo "2538"]
[BlackElo "2584"]
[EventDate "2002.04.29"]
[PlyCount "64"]

1.g3 c5 2.Bg2 g6 3.c4 Bg7 4.Nc3 Nc6 5.Nf3 e6 6.d4 Nxd4 7.Nxd4 cxd4 8.Ne4 
d5 9.cxd5 exd5 10.Qa4+ Kf8 11.Nc5 Ne7 12.O-O h6 13.Bd2 Kg8 14.Rac1 Kh7 15.
Rfe1 Re8 16.Bf4 b6 17.Na6 Bxa6 18.Qxa6 g5 19.Bd2 Qd7 20.Rc2 Rac8 21.Rec1 
Rxc2 22.Rxc2 Rc8 23.Rxc8 Nxc8 24.Qd3+ Kg8 25.Qb3 Ne7 26.Bb4 Bf6 27.Bxe7 
Qxe7 28.Kf1 h5 29.Bxd5 h4 30.Qd3 Kg7 31.gxh4 gxh4 32.h3 Qc5 1/2-1/2

[Event "59th POL-ch"]
[Site "Warsaw POL"]
[Date "2002.05.05"]
[Round "7"]
[White "Stryjecki, Marek"]
[Black "Grabarczyk, Miroslaw"]
[Result "1/2-1/2"]
[WhiteElo "2456"]
[BlackElo "2484"]
[EventDate "2002.04.29"]
[PlyCount "28"]

1.c4 c5 2.Nc3 g6 3.Nf3 Bg7 4.d4 cxd4 5.Nxd4 Nc6 6.Nb3 a5 7.a4 Nf6 8.e4 O-O
9.Be2 d6 10.Be3 Nd7 11.Qd2 b6 12.Rd1 Nc5 13.Nxc5 bxc5 14.Nb5 Rb8 1/2-1/2

[Event "59th POL-ch"]
[Site "Warsaw POL"]
[Date "2002.05.05"]
[Round "7"]
[White "Tomczak, Rafal"]
[Black "Cyborowski, Lukasz"]
[Result "1/2-1/2"]
[WhiteElo "2384"]
[BlackElo "2510"]
[EventDate "2002.04.29"]
[PlyCount "60"]

1.e4 c5 2.Nf3 Nc6 3.d4 cxd4 4.Nxd4 Nf6 5.Nc3 e5 6.Ndb5 d6 7.Bg5 a6 8.Na3 
b5 9.Bxf6 gxf6 10.Nd5 Bg7 11.c3 f5 12.exf5 Bxf5 13.Nc2 O-O 14.Nce3 Be6 15.
Be2 Rb8 16.O-O a5 17.a4 bxa4 18.Qxa4 Rxb2 19.Bf3 Ne7 20.Nc4 Rb8 21.Qxa5 
Ng6 22.g3 f5 23.Qxd8 Rfxd8 24.Rfd1 e4 25.Be2 Bxd5 26.Rxd5 Ne7 27.Rxd6 Rxd6
28.Nxd6 Bxc3 29.Ra7 Kf8 30.g4 Rb1+ 1/2-1/2

[Event "59th POL-ch"]
[Site "Warsaw POL"]
[Date "2002.05.07"]
[Round "8"]
[White "Gdanski, Jacek"]
[Black "Bartel, Mateusz"]
[Result "1-0"]
[WhiteElo "2523"]
[BlackElo "2417"]
[EventDate "2002.04.29"]
[PlyCount "67"]

1.e4 c6 2.d4 d5 3.exd5 cxd5 4.c4 Nf6 5.Nc3 e6 6.c5 Nc6 7.Nf3 Ne4 8.Qc2 f5 
9.Bb5 Bd7 10.O-O Be7 11.Bxc6 Bxc6 12.b4 O-O 13.Bf4 g5 14.Be5 f4 15.Nd2 
Nxd2 16.Qxd2 f3 17.g4 Bf6 18.Bd6 Qd7 19.Kh1 Qg7 20.Rad1 Rf7 21.Rg1 h5 22.
gxh5 Qh6 23.Be5 Bxe5 24.Qxg5+ Qxg5 25.Rxg5+ Kh7 26.Rxe5 Rg8 27.Rxe6 Rg2 
28.b5 Rf5 29.Rg6 Rxf2 30.Kg1 Rc2 31.bxc6 Rxh5 32.Rf6 bxc6 33.Rxf3 Rhxh2 
34.Rg3 1-0

[Event "59th POL-ch"]
[Site "Warsaw POL"]
[Date "2002.05.07"]
[Round "8"]
[White "Grabarczyk, Miroslaw"]
[Black "Kempinski, Robert"]
[Result "0-1"]
[WhiteElo "2484"]
[BlackElo "2570"]
[EventDate "2002.04.29"]
[PlyCount "104"]

1.d4 Nf6 2.c4 g6 3.g3 Bg7 4.Bg2 d5 5.cxd5 Nxd5 6.Nf3 Nb6 7.e4 O-O 8.O-O 
Bg4 9.d5 Qd7 10.Nc3 Na6 11.Qb3 c5 12.a4 Qc8 13.Bg5 Re8 14.Nd2 Bh3 15.Bxh3 
Qxh3 16.a5 Nd7 17.Nc4 Nb4 18.Na2 Qg4 19.Bf4 Nxa2 20.Rxa2 Qe2 21.Be3 Rab8 
22.Qa4 Red8 23.Rc1 Nf6 24.Nd2 Ng4 25.Qc4 Qxc4 26.Nxc4 Nxe3 27.Nxe3 Rbc8 
28.Nc4 Bd4 29.Kg2 Rb8 30.Rc2 f5 31.f3 Kf7 32.Ra3 e6 33.dxe6+ Kxe6 34.Rb3 
fxe4 35.fxe4 Rf8 36.Re2 Rf7 37.Nd2 b5 38.axb6 Rxb6 39.Rxb6+ axb6 40.Nf3 
Bf6 41.Re3 Ra7 42.b3 Ra3 43.Kf2 b5 44.Ke2 Ra2+ 45.Kd1 h5 46.Re2 Ra1+ 47.
Kc2 g5 48.Ne1 Ra2+ 49.Kd1 Ra3 50.Kc2 c4 51.bxc4 b4 52.Kb1 b3 0-1

[Event "59th POL-ch"]
[Site "Warsaw POL"]
[Date "2002.05.07"]
[Round "8"]
[White "Lagowski, Patryk"]
[Black "Tomczak, Rafal"]
[Result "1-0"]
[WhiteElo "2321"]
[BlackElo "2384"]
[EventDate "2002.04.29"]
[PlyCount "49"]

1.c4 e5 2.Nc3 Nc6 3.g3 g6 4.Bg2 Bg7 5.Nf3 d6 6.O-O f5 7.d3 Nge7 8.Bd2 O-O 
9.Rb1 a5 10.a3 h6 11.b4 axb4 12.axb4 Be6 13.b5 Nb8 14.Ne1 c6 15.Nc2 Nd7 
16.Nb4 Qc7 17.Qc2 Nb6 18.bxc6 bxc6 19.Nxc6 Nxc6 20.Nd5 Nxd5 21.cxd5 Bf7 
22.dxc6 Rfb8 23.Rb7 Ra2 24.Qb1 Rxb7 25.cxb7 1-0

[Event "59th POL-ch"]
[Site "Warsaw POL"]
[Date "2002.05.07"]
[Round "8"]
[White "Macieja, Bartlomiej"]
[Black "Stryjecki, Marek"]
[Result "1-0"]
[WhiteElo "2584"]
[BlackElo "2456"]
[EventDate "2002.04.29"]
[PlyCount "87"]

1.e4 d6 2.d4 Nf6 3.Nc3 g6 4.Bg5 Bg7 5.f4 a6 6.e5 Nfd7 7.Bc4 Nc6 8.Nf3 Nb6 
9.Be2 f6 10.exf6 exf6 11.Bh4 d5 12.O-O Ne7 13.a4 a5 14.Ne1 Nf5 15.Bf2 O-O 
16.Bf3 c6 17.Nd3 Nc4 18.Re1 Ra7 19.b3 Ncd6 20.Nb1 Nf7 21.Nc5 b6 22.Ne6 
Bxe6 23.Rxe6 N5d6 24.c4 f5 25.cxd5 cxd5 26.Bxd5 Rd7 27.Nc3 Nc8 28.Qf3 Ne7 
29.Bc4 Rxd4 30.Rae1 Nc8 31.Bxd4 Qxd4+ 32.R6e3 Nd6 33.Nb5 Nxb5 34.Bxb5 Bf6 
35.Kh1 Nd6 36.Rd1 Qb4 37.Qd5+ Nf7 38.Bc4 Kh8 39.Qb5 Bc3 40.Re8 Kg7 41.Qxb4
Bxb4 42.Rxf8 Kxf8 43.Rd7 Be7 44.Bxf7 1-0

[Event "59th POL-ch"]
[Site "Warsaw POL"]
[Date "2002.05.08"]
[Round "9"]
[White "Bartel, Mateusz"]
[Black "Grabarczyk, Miroslaw"]
[Result "0-1"]
[WhiteElo "2417"]
[BlackElo "2484"]
[EventDate "2002.04.29"]
[PlyCount "66"]

1.e4 e5 2.Nf3 Nc6 3.Bb5 Nf6 4.O-O Nxe4 5.d4 Nd6 6.Bxc6 dxc6 7.dxe5 Nf5 8.
Qxd8+ Kxd8 9.Nc3 h6 10.h3 Bd7 11.b3 Kc8 12.Bb2 Ne7 13.Rad1 b6 14.Nd4 Nf5 
15.Nce2 Nxd4 16.Nxd4 c5 17.Ne2 h5 18.Nf4 Bf5 19.Rd2 Kb7 20.Rfd1 h4 21.Rd7 
Bxd7 22.Rxd7 f6 23.Rf7 Re8 24.Ng6 Rg8 25.f4 c4 26.bxc4 Rd8 27.Kf1 fxe5 28.
Bxe5 Bd6 29.Bxg7 Rde8 30.Nxh4 Bxf4 31.Nf3 Bg3 32.h4 Re4 33.h5 Rd8 0-1

[Event "59th POL-ch"]
[Site "Warsaw POL"]
[Date "2002.05.08"]
[Round "9"]
[White "Cyborowski, Lukasz"]
[Black "Lagowski, Patryk"]
[Result "1-0"]
[WhiteElo "2510"]
[BlackElo "2321"]
[EventDate "2002.04.29"]
[PlyCount "56"]

1.e4 c5 2.Nf3 d6 3.c3 Nf6 4.Be2 g6 5.O-O Bg7 6.d3 O-O 7.Nbd2 b6 8.Re1 Bb7 
9.Bf1 Qc7 10.a3 Nbd7 11.d4 Rae8 12.b4 e5 13.d5 h6 14.c4 Nh5 15.Bb2 Bc8 16.
Bc3 Ndf6 17.Rb1 Nf4 18.bxc5 Qxc5 19.Bb4 Qc7 20.a4 a5 21.Ba3 g5 22.Qb3 Nd7 
23.Qb5 Ng6 24.c5 Nxc5 25.Nc4 g4 26.Nfd2 Qe7 27.Qxb6 Qg5 28.Nxe5 dxe5 1-0

[Event "59th POL-ch"]
[Site "Warsaw POL"]
[Date "2002.05.08"]
[Round "9"]
[White "Kempinski, Robert"]
[Black "Macieja, Bartlomiej"]
[Result "1/2-1/2"]
[WhiteElo "2570"]
[BlackElo "2584"]
[EventDate "2002.04.29"]
[PlyCount "25"]

1.d4 Nf6 2.c4 e6 3.Nf3 b6 4.g3 Ba6 5.Qa4 Bb7 6.Bg2 c5 7.dxc5 bxc5 8.O-O 
Be7 9.Nc3 O-O 10.Bf4 Qb6 11.Rfd1 d6 12.Qb3 Rd8 13.Qxb6 1/2-1/2